| 000 | 00643nam a2200229 a 4500 | ||
|---|---|---|---|
| 001 | 54761 | ||
| 003 | BD-RjUL | ||
| 005 | 20211209080151.0 | ||
| 008 | 161109s1959 uk a 000 0 eng | ||
| 035 | _a(BD-RjUL)54883 | ||
| 040 |
_aDLC _cOKN _dEQO _dBD-RjUL _beng |
||
| 041 | _aeng | ||
| 082 |
_a651.264 _223 _bMEH 1959 |
||
| 100 | 1 |
_aMeehan, James R. _9163265 |
|
| 245 | 1 | 0 |
_aHow to use the calculator and the comptometer / _cJames R. Meehan |
| 250 | _a4th ed. | ||
| 260 |
_aNew York : _bMcGraw-Hill, _c1959. |
||
| 300 |
_aiv, 140 p. : _bill ; _c28 cm. |
||
| 650 | 0 |
_aCalculators _9163266 |
|
| 650 | 0 |
_aComptometers _9163267 |
|
| 942 |
_2ddc _cBK |
||
| 999 |
_c54761 _d54761 |
||